Human development report 2000 : (Record no. 18404)

000 -LEADER
fixed length control field 00364nam a22001338i 4500
020 ## - INTERNATIONAL STANDARD BOOK NUMBER
ISBN 0195216784
040 ## - CATALOGING SOURCE
Transcribing agency UKM
082 04 - DEWEY DECIMAL CLASSIFICATION NUMBER
Classification number 338 UND 2000 C144 Or.
245 00 - TITLE STATEMENT
Title Human development report 2000 :
Remainder of title human development and human rights /
300 ## - PHYSICAL DESCRIPTION
Number of Pages 1 volume
650 #4 - SUBJECT ADDED ENTRY--TOPICAL TERM
Topical Term Economic development
710 2# - ADDED ENTRY--CORPORATE NAME
Corporate name or jurisdiction name as entry element United Nations Development Programme.
942 ## - ADDED ENTRY ELEMENTS (KOHA)
Koha item type ADB
952 ## - LOCATION AND ITEM INFORMATION (KOHA)
Withdrawn status [LOCAL, KOHA] 0
Holdings
Source of acquisition Permanent Location Date acquired Koha item type Lost status Shelving location Current Location Full call number
A38662Library Block C2019-11-19ADB C144Library Block C338 UND 2000 C144 Or.
មជ្ឈមណ្ឌលឯការនៃសាកលវិទ្យាល័យភូមិន្ទកសិកម្មចំការដូង

Powered by Koha